| 000 | 00829nam a2200253Ia 4500 | ||
|---|---|---|---|
| 003 | IN-BaIIA | ||
| 008 | 211028s9999 xx 000 0 eng d | ||
| 020 | _a0-931828-61-9 | ||
| 040 | _cIIA Library | ||
| 080 |
_a77(093.2) _bRIT |
||
| 100 |
_aRitzenthaler, M. L. _915974 |
||
| 245 | 0 |
_aArchives and manuscripts _badministration of photographic collections _cM. L. Ritzenthaler |
|
| 260 |
_aChicago _bSociety of American Archivists _c1985 |
||
| 300 | _a173p. | ||
| 490 | _aSociety of American Archivists basic manual series | ||
| 650 | _aArchives | ||
| 650 | _aAstronomy and astrophysics thesaurus | ||
| 650 |
_aConservation _96442 |
||
| 650 |
_aManuscripts _915975 |
||
| 650 |
_aPreservation _915976 |
||
| 700 |
_aLong, M. S _915977 |
||
| 700 |
_aMunoff, G. J _915978 |
||
| 942 | _cBK | ||
| 999 |
_c9485 _d9485 |
||